Statistics for Rihanna - Fill in the Blanks - Song Titles

Click here to take the quiz!

General Stats

  • This quiz has been taken 202 times
  • The average score is 12 of 15

Answer Stats

TitleMissing Words% Correct
We Found ____Love
99%
What's My ____?Name
96%
Only Girl (In the _____)World
96%
_____ Have You BeenWhere
95%
Don't Stop the _____Music
94%
Rude ___Boy
92%
Pon de ______Replay
89%
____ a BowTake
87%
Love on the _____Brain
86%
Russian ________Roulette
80%
Shut Up and _____Drive
75%
__________ King BedCalifornia
72%
If It's Lovin' that You ____Want
62%
____ That I Love YouHate
57%
________ OxygenAmerican
40%

Score Distribution

Percentile by Number Answered

Percent of People with Each Score

Your Score History

You have not taken this quiz